|
|
|
|
| LEADER |
00000nab a2200000 a 4500 |
| 001 |
vtls008830240 |
| 003 |
SK-MaSNL |
| 005 |
20260303062916.0 |
| 008 |
060712c20060531xo dr n 000 00slo |
| 038 |
|
|
|a SVKPOCL
|
| 040 |
|
|
|a SVKPOCL
|b slo
|c AACR2
|e AACR2
|
| 041 |
|
|
|a slo
|
| 044 |
|
|
|a xo
|c SK
|
| 080 |
|
|
|a 353.9
|2 2001
|
| 245 |
0 |
0 |
|a Poslanci na internete
|b krajské zastupiteľstvo s novinkami
|c [autor] (mor) ; foto: Viktor Zamborský
|
| 300 |
|
|
|a Fotogr.
|
| 610 |
2 |
7 |
|a Prešovský samosprávny kraj (Slovensko).
|b Zastupiteľstvo
|2 svkpocl
|9 189290
|
| 648 |
|
7 |
|a 30.5.2006
|2 svkpocl
|9 1059349
|
| 650 |
0 |
7 |
|a zasadanie
|2 svkpocl
|9 280253
|
| 651 |
|
7 |
|a Prešovský samosprávny kraj (Slovensko)
|2 svkpocl
|9 23301
|
| 700 |
1 |
|
|a Zamborský, Viktor
|4 pht
|9 283325
|
| 773 |
0 |
|
|t Prešovský večerník
|g Roč. XVII, č. 3966 (31.5.2006), s. 2
|x 1336-4030
|
| 852 |
|
|
|a SVKPO
|b KIS3GCP
|
| 856 |
4 |
1 |
|u www.vecernik.po.sk
|
| 958 |
|
|
|a RG
|
| 999 |
|
|
|c 1741021
|d 1742951
|